000
00260nam a2200097Ia 4500
008
120527s9999 xx 000 0 und d
100
_a
Stephens,J.
245
_a
Inventory of abstracting and indexing services produced in the U.K
260
_b
D.I.T
942
_c
BK
999
_c
15010
_d
15010